000 01062nam a2200241Ia 4500
999 _c39814
_d39814
001 6419
003 GE_BSU
005 20191114122641.0
008 181216s2008||||ge |||||||||||||| ||geo||
020 _a9994051822
040 _cGE_BSU
041 _ageo
080 _a342.4 მ-54
100 _aმელქაძე, ოთარ
_9790
245 _aკონსტიტუციონალიზმი /
_c ოთარ მელქაძე ; [რედ. გ. ხუბუა].
264 _aთბილისი :
_bუნივერსალი,
_c2008.
300 _a426 გვ.;
_b20 სმ.
490 _aპოლიტიკურ-სამართლებრივი ლიტერატურის სერია ;
_vწ. 21
653 _a კონსტიტუციური სამართალი
700 _aხუბუა, გ.
_eრედაქტორი
_95340
710 _aმსოფლიო პარლამენტარიზმის კვლევითი ცენტრი
_92952
942 _cBK
_2udc